| 000 | 004600000a22001810004500 | ||
|---|---|---|---|
| 020 | _aSPA | ||
| 041 | 0 | _aSPA | |
| 082 | 0 | 4 | _aG 262.15 P9449m |
| 100 | 1 | _aPérez, Humberto | |
| 245 | 1 | 0 | _aEl ministerio de la diaconía / Humberto Pérez |
| 260 | _aMiami, FL., USA : Logoi312 Pag | ||
| 300 | _a0-7899-0326-1 | ||
| 001 | 7188 | ||
| 942 | _cBK | ||
| 999 |
_c37412 _d37412 |
||
| 336 |
_atexto _btxt _2rdacontent |
||
| 337 |
_2rdamedia _asin mediación _bn |
||
| 338 |
_2rdacarrier _avolumen _bnc |
||